000 01293nam a2200373Ia 4500
001 053436
008 221003m2018 xx 000 0 spa d
035 _aCENDO_43210
041 _aspa
245 0 _a[almohadilla]VidasNoNúmeros :
_bNO a la Violencia contra las Mujeres : 25N Día Internacional Contra las Violencias Machistas
260 _a[Madrid] :
_bConfederación Sindical de CCOO,
_c2018
300 _a10 p. ;
_c 30 cm
500 _aEn : Gaceta Sindical, n. 376 (noviembre 2018), p. 1-10
650 0 _aDIA INTERNACIONAL DE LA ELIMINACION DE LA VIOLENCIA CONTRA LA MUJER
_910927
650 _aMUJERES
_9199
650 0 _aVIOLENCIA
_92442
650 _aPREVENCION
_94589
650 _aIGUALDAD DE DERECHOS
_91832
650 0 _aPROTECCION SOCIAL
_962
650 _aPOLITICA DE EMPLEO
_9112
650 0 _aDERECHOS DE LOS TRABAJADORES
_94
650 _aEDUCACION
_9431
650 0 _aACTITUD SINDICAL
_961
710 2 _aCCOO
_bConfederación Sindical
_927927
856 _zPDF
_uhttp://docpublicos.ccoo.es/cendoc/053436vidasNoNumeros.pdf
901 _a0
903 _aNO
904 _a000
907 _a25 de Noviembre
953 _d2018-11-16
_yDOCU_ELEC
_hGaceta Sindical, n. 376 (noviembre 2018), p. 1-10
_tPS82
999 _c43209
_d43209
910 _a2018
942 _cDOCU_ELEC